Most expensive football transfers - Left-Backs - 2014-2015 Season - Statistics

General Stats
  • This quiz has been taken 18 times
  • The average score is 6 of 10
Answer Stats
Fee (M €) Nationality Left Joined Player % Correct
37,50 England Southampton Manchester United Luke Shaw
100%
18,00 Spain Sevilla FC Liverpool Alberto Moreno
86%
12,35 Wales Swansea Tottenham Ben Davies
86%
20,00 Brazil Atlético Madrid Chelsea Filipe Luís
86%
13,30 England Chelsea Southampton Ryan Bertrand
64%
10,00 Spain Valencia Bayern Munich Juan Bernat
50%
20,00 France Valencia Barcelona Jérémy Mathieu
36%
6,50 Brazil Grêmio Bayer Leverkusen Wendell
36%
10,00 Brazil Granada FC Atlético Madrid Guilherme Siqueira
21%
7,00 Natherlands Heerenveen Ajax Daley Sinkgraven
14%
No matching quizzes found
Score Distribution
Percent of People with Each Score
Percentile by Number Answered
Your Score History
You have not taken this quiz